000 01453nam a2200385 a 4500
001 ebr10492765
003 CaPaEBR
006 m u
007 cr cn|||||||||
008 110614s2011 bcc sb 001 0deng d
010 _z 2010513418
020 _z9780774820974 (alk. paper)
020 _z0774820977 (alk. paper)
020 _z9780774820981 (pbk.)
020 _z9780774820998 (PDF)
020 _z9780774821001 (epub)
020 _z9780774820998 (e-book)
040 _aCaPaEBR
_cCaPaEBR
035 _a(OCoLC)754847035
043 _an-cn---
050 1 4 _aJL197.L5
_bK66 2011eb
082 0 4 _a324.27106
_222
100 1 _aKoop, Royce,
_d1978-
245 1 0 _aGrassroots Liberals
_h[electronic resource] :
_borganizing for local and national politics /
_cRoyce Koop.
260 _aVancouver [B.C.] :
_bUBC Press,
_cc2011.
300 _a212 p.
504 _aIncludes bibliographical references (p. [203]-207) and index.
533 _aElectronic reproduction.
_bPalo Alto, Calif. :
_cebrary,
_d2011.
_nAvailable via World Wide Web.
_nAccess may be limited to ebrary affiliated libraries.
610 2 0 _aLiberal Party of Canada.
650 0 _aPolitical participation
_zCanada.
651 0 _aCanada
_xPolitics and government.
655 7 _aElectronic books.
_2local
710 2 _aebrary, Inc.
856 4 0 _uhttp://site.ebrary.com/lib/rucke/Doc?id=10492765
_zAn electronic book accessible through the World Wide Web; click to view
999 _c228101
_d228101